El diario de adán y eva /
Guardado en:
| Autor Principal: | |
|---|---|
| Otros Autores: | |
| Formato: | Libro |
| Publicado: |
Buenos Aires :
Errepar,
1999
|
| Series: | Clásicos de bolsillo; No. 33
|
| Materias: | |
| Etiquetas: |
Agregar Etiqueta
Sin Etiquetas, Sea el primero en etiquetar este registro!
|
| LEADER | 00685nam a22002415a 4500 | ||
|---|---|---|---|
| 001 | CEM.cems013317 | ||
| 005 | 20110811202237.0 | ||
| 008 | 130507s1999##################000#0#####d | ||
| 003 | CEMS | ||
| 020 | |a 9507397426 | ||
| 082 | 0 | 4 | |a F813.4 |
| 100 | 1 | |a Twain, Mark | |
| 245 | 1 | 0 | |a El diario de adán y eva / |c Mark Twain [seudónimo] |
| 260 | |a Buenos Aires : |b Errepar, |c 1999 | ||
| 300 | |a 123 p. | ||
| 490 | 0 | |a Clásicos de bolsillo; No. 33 | |
| 500 | |a Fotocopia | ||
| 653 | |a Literatura | ||
| 653 | |a Literatura norteamericana | ||
| 653 | |a Novelas | ||
| 653 | |a Novela norteamericana | ||
| 700 | 1 | |a Langhorne Clemens, Samuel | |
| 859 | |a CEMS |b BIB. CEMS - 11 de abril |h F813.4 |i 1 |p 2232.44 |t Ej.1 | ||
